feng shui total, aporta, salud, riqueza y felicidad a tu vida
| Main Author: | |
|---|---|
| Format: | Section = Libro |
| Language: | Undetermined Spanish |
| Published: |
Madrid, España
Gaia Ediciones
2006
|
| Subjects: |
| LEADER | 00573nam a2200205Ia 4500 | ||
|---|---|---|---|
| 008 | 240829s9999 xx 000 0 und d | ||
| 020 | |a 84-8445-148-8 | ||
| 040 | |a BIBLIOTECA-RUSB/ 612.01442 T668 | ||
| 041 | |a spa | ||
| 082 | |a 612.01442 T668 | ||
| 100 | 1 | |a Too, Lillian | |
| 245 | 1 | 0 | |a feng shui total, aporta, salud, riqueza y felicidad a tu vida |
| 260 | |a Madrid, España |b Gaia Ediciones |c 2006 | ||
| 300 | |a 288 p. :il. | ||
| 650 | 7 | |a CIENCIA OCCIDENTAL | |
| 650 | 7 | |b ELECTRICIDAD Y MAGNETISMO | |
| 650 | 7 | |c SALUD-RIQUEZA | |
| 942 | |c BK |2 ddc | ||
| 991 | |a TEXTO | ||
| 999 | |c 2660 | ||